000 00311nam a2200133 i 4500
001 bg
100 1 _aWISZRUN, S.
245 0 _aNowe i najnowsze układy elektroniczne /
_cS. Wiszrun.
260 _aWarszawa,
_c1986.
040 _cBPK
041 _apol
942 _cKS
008 s pl f |000 0 pol
999 _c3228
_d3228
856 _uhttp://koha.tu.koszalin.pl/cgi-bin/koha/opac-detail.pl?biblionumber=3228
_yKatalog online BPK